000 00679nam a2200205Ii 4500
003 JO-AjNU
008 230605s9999||||xx |||||||||||||| ||und||
017 _a1973/2427
040 _aJO-AjNU
_bara
_erda
_cJO-AjNU
041 _aara
050 1 4 _aQL467 1981
100 3 _aاعضاء هيئة تدريس ,
_eauthor
_918062
245 0 0 _aارشادات تطبيقية في الحشرات الاقتصادية
264 3 1 _aالقاهرة:دار المطبوعات الجديدة ، 1981
300 _a286ص
336 _atext
_btxt
_2rdacontent
337 _aunmediated
_bn
_2rdamedia
338 _avolume
_bnc
_2rdacarrier
650 4 _aحشرات ضارة ومفيدة
_918063
999 _aA5706
_c9274
_d9274